[Event "Neumarkt am Wallersee op 13th"]
[Site "Neumarkt am Wallersee"]
[Date "2014.08.24"]
[Round "2"]
[White "Wuppinger, Manfred"]
[Black "Kain, Friedrich"]
[Result "1-0"]
[WhiteElo "2119"]
[BlackElo "1916"]
[PlyCount "51"]
[EventDate "2014.08.23"]
[EventType "swiss"]
[EventRounds "9"]
[EventCountry "AUT"]
[SourceTitle "EXT 2016"]
[Source "ChessBase"]
[SourceDate "2015.10.08"]
[SourceVersion "1"]
[SourceVersionDate "2015.10.08"]
[SourceQuality "1"]

1. e4 c5 2. c3 d5 3. exd5 Qxd5 4. Nf3 Nf6 5. Na3 a6 6. Nc4 Nbd7 7. Ne3 Qc6 8. d4 e6 9. Be2 Be7 10. 0-0 0-0 11. Bd3 Qc7 12. Bc2 b5 13. d5 Nb6 14. dxe6 Bxe6 15. Ng5 Bc8 16. Qf3 h6 17. Ne4 Qe5 18. h3 Be6 19. Ng4 Nxg4 20. hxg4 Nd5 21. Ng3 Bg5 22. Qd3 Nf6 23. f4 c4 24. Qf3 Qc7 25. fxg5 Bd5 26. Qf4 1-0